00361nam a2200121Ia 4500003000400000008004100004040001600045082001700061245009000078260005500168300001100223490000500234GCL140319s9999 xx 000 0 ara d aGCL / cGCL04a811.6bا ص10aالصورة الفنية فى شعر ابن دراج القسطلى الاندلسى a[S.N] : bمكتبة نهضة الشرق ، c1994 a568 ص a